Most Guessed Capitals of the World by French People - Statistics

General Stats
  • This quiz has been taken 21 times
  • The average score is 17 of 20
Answer Stats
Percentage Capital % Correct
96 Paris
100%
96 Berlin
95%
91 Brussels
95%
90 London
95%
93 Rome
95%
85 Washington DC
95%
85 Amsterdam
90%
88 Athens
90%
94 Madrid
90%
87 Vienna
90%
84 Beijing
86%
86 Dublin
86%
89 Lisbon
86%
88 Moscow
86%
85 Tokyo
86%
84 Oslo
71%
86 Monaco
67%
81 Brasilia
62%
87 Luxembourg
57%
82 Vatican City
52%
No matching quizzes found
Score Distribution
Percent of People with Each Score
Percentile by Number Answered
Your Score History
You have not taken this quiz